000 005140000a22001690004500
041 0 _aENG
082 0 4 _aG 266.0238 C7711s
100 1 _aCook, Frank S.
245 1 0 _aSeeds in the wind : The story of the voice of the Andes, Radio station HCJB, Qito, Ecuador / Frank S. Cook
260 _aMiami, FL., USA : World Radio Missionary Fellowship
300 _a187 Pag
001 7609
942 _cBK
999 _c37816
_d37816
336 _atexto
_btxt
_2rdacontent
337 _2rdamedia
_asin mediación
_bn
338 _2rdacarrier
_avolumen
_bnc